000 00516nam a2200169 4500
008 0 1993 0 000 0USA
020 _a0-8306-4060-6
050 _aQA76.76 A87
082 _a001.642 D445m
100 _aDorfman, Len
245 _aMicrosoft Macro Assembler 6.1 Programming / Len Dorfman, Marc J Neuberger
250 _a5
260 _aUnited States of America : McGraw-Hill
300 _aiv, 259 p. / 22 cm.
500 _aIncluye epilogo, índice.
650 _a1.MICROSOFT MACRO ASSEMBLER
999 _c11980
_d11980